Průmyslové infórum Měsíčník pro podnikání a management

Guardado en:
Detalles Bibliográficos
Formato: Seriadas
Lenguaje:checo
Publicado: Praha Utrin 1992
Materias:
Etiquetas: Agregar Etiqueta
Sin Etiquetas, Sea el primero en etiquetar este registro!

MARC

LEADER 00000nas2a2200000 4500
001 s016414
005 20180117152328.0
022 |a 0862-7207 
041 0 |a cze 
044 |a CZ 
245 1 0 |a Průmyslové infórum  |b Měsíčník pro podnikání a management 
264 1 |a Praha  |b Utrin  |c 1992 
300 |a 1 zv. 
773 0 |w eu_un_cat*s120522 
610 2 0 |a podnikanie 
610 2 0 |a manažment 
610 2 0 |a podnik priemyselný